| 000 | 00399nam a2200157Ia 4500 | ||
|---|---|---|---|
| 008 | 160316s1965 xxu||||| |||| 00| 0 eng d | ||
| 082 |
_a363.200000 _bKAR-I |
||
| 100 | _a | ||
| 245 | _aThe Karnataka police manual.Vol.I | ||
| 250 | _a | ||
| 260 |
_aBangalore _bGovernment of Karnataka _c1965 |
||
| 300 |
_a331p _b _c |
||
| 365 | _bRs.250/- per 2 | ||
| 650 | _a1.Police Administration | ||
| 700 |
_a _a |
||
| 999 |
_c8227 _d8227 |
||